Nicaragua in revolution

Guardat en:
Dades bibliogràfiques
Altres autors: Walker, Thomas W. (Editor)
Format: Desconegut
Publicat: Estados Unidos Praeger 1982
Matèries:
Etiquetes: Afegir etiqueta
Sense etiquetes, Sigues el primer a etiquetar aquest registre!

MARC

LEADER 000000000a22000000004500
001 002067
020 |a 0-03-057972-4 
041 0 |a inglés 
092 0 |a 972.850.52 N583n 
100 1 |a Walker, Thomas W.   |e editor 
245 1 0 |a Nicaragua in revolution 
260 |a Estados Unidos   |b Praeger   |c 1982 
300 |a 301 páginas 
500 |a número de inscripción 01342 
651 4 |a NICARAGUA 
650 4 |a HISTORIA 
650 4 |a REVOLUCION, 1979 
999 |c 2944  |d 2944